| 000 | 00000nam##2200000za#4500 |
| 001 | 9.696550 |
| 003 | CaOODSP |
| 005 | 20210624235102 |
| 007 | cr ||||||||||| |
| 008 | 150407|1991||||xxc|||||o f|0| 0 eng|d |
| 040 | |aCaOODSP|beng |
| 043 | |an-cn--- |
| 086 | 1 |aH68-29/1991E-PDF |
| 110 | 1 |aCanada.|bNational Council of Welfare. |
| 245 | 10|aFighting child poverty : |h[electronic resource]|ba brief by the National Council of Welfare presented to the Sub- committee on Poverty of the House of Commons Standing Committee on Health and Welfare, Social Affairs, Seniors and the Status of Women |
| 260 | |aOttawa - Ontario : |bNational Council of Welfare |cApril 1990, c1991. |
| 300 | |a59p.|bgraphs, tables |
| 500 | |aThe catalogue number (H68-29/1991E) and ISBN (0-662-18612-5) for the print edition have been incorrectly copied in the pdf edition. |
| 590 | |a12-35-Supp|b2012-08-09 |
| 690 | 07|aChild poverty|2gcpds |
| 775 | 08|tComment combattre la pauvreté chez les enfants : |w(CaOODSP)9.640660 |
| 776 | 0#|tFighting child poverty : |w(CaOODSP)9.644968 |
| 856 | 40|ahttp://publications.gc.ca|qPDF|s1.79 MB|uhttps://publications.gc.ca/collections/collection_2012/cnb-ncw/H68-29-1991-eng.pdf |